00469cam a22001457a 4500008004000000082001500040100001700055245005200072260002300124300001000147650004200157650001900199999001900218952008600237180718b1971 xxu||||| |||| 00| 0 eng d aT2196 V579 aVepa, Ram K. aSmall industry in the seventiescby Ram K. Vepa aDelhibVikasc1971 a307p. aSmall business --Developing countries aSmall business c356226d356226 00104070aIIPAbIIPAd1994-01-03oT2196 V579p46262r2018-07-21w2018-07-21yBK